[Event "USV TU Dresden-SC Einheit Bautzen"]
[Site "DVM U14 in Arendsee"]
[Date "2009.12.27"]
[Round "2.4"]
[White "Teich, Thomas"]
[Black "Röpke, Markus"]
[Result "1-0"]
[WhiteElo "1496"]
[BlackElo "1210"]
[PlyCount "81"]
[EventDate "2009.??.??"]
[WhiteTeam "USV TU Dresden"]
[BlackTeam "SC Einheit Bautzen"]

1. e4 {[%emt 0:00:00]} e5 2. Nf3 d6 3. Bc4 Be7 4. h3 Nf6 5. Nc3 O-O 6. O-O h6
7. d3 Nbd7 8. Be3 a6 9. d4 Re8 10. d5 b5 11. Bd3 Bb7 12. Nd2 c6 13. dxc6 Bxc6
14. Re1 Nc5 15. Bxc5 dxc5 16. a3 c4 17. Bf1 Qd7 18. Nf3 Qxd1 19. Raxd1 Red8 20.
Nxe5 Rxd1 21. Rxd1 Bxe4 22. Nxe4 Nxe4 23. Rd7 Bf6 24. Nxf7 Bxb2 25. a4 Rf8 26.
f3 Ng3 27. Nd6 Nxf1 28. Kxf1 Rf6 29. axb5 Ba3 30. bxa6 Bxd6 31. a7 Rf8 32. Rxd6
Ra8 33. Ra6 Kf7 34. Ke2 Ke7 35. Kd2 Kd7 36. Kc3 Kc7 37. Kxc4 Kb7 38. Kb5 Kc7
39. Rc6+ Kb7 40. Re6 Kxa7 41. Ra6+ 1-0

[Event "SC Eppingen-SV Merseburg"]
[Site "DVM U14 in Arendsee"]
[Date "2009.12.27"]
[Round "2.1"]
[White "Gering, Samuel"]
[Black "Noe, Christopher"]
[Result "0-1"]
[WhiteElo "1915"]
[BlackElo "1930"]
[PlyCount "90"]
[EventDate "2009.??.??"]
[WhiteTeam "SV Merseburg"]
[BlackTeam "SC Eppingen"]

1. d4 e6 2. c4 d5 3. Nc3 c6 4. Nf3 Nf6 5. Bg5 Nbd7 6. e3 Bb4 7. Qc2 Qa5 8. Rc1
Qxa2 9. Nd2 Qa5 10. Nb3 Qd8 11. cxd5 exd5 12. Bd3 h6 13. Bf4 O-O 14. O-O Nb6
15. Nc5 Nbd7 16. Nb3 Re8 17. Na4 Bf8 18. h3 Nb6 19. Nac5 Nfd7 20. Rfe1 Nxc5 21.
Nxc5 Nd7 22. Nb3 Nf6 23. Be5 Nd7 24. Bg3 Bb4 25. Re2 Nf8 26. Nc5 Ne6 27. Qb3
Nxc5 28. dxc5 a5 29. Bb1 Qf6 30. Qd3 g6 31. f3 Bf5 32. e4 Qg5 33. f4 dxe4 34.
fxg5 exd3 35. Rxe8+ Rxe8 36. Rd1 Bxc5+ 37. Kf1 Rd8 38. Bc7 Rd7 39. Bxa5 hxg5
40. Bc3 Bd4 41. g4 Be4 42. Bd2 Bxb2 43. Bxg5 c5 44. Ba2 Bf3 45. Re1 d2 0-1

[Event "SC Eppingen-SV Merseburg"]
[Site "DVM U14 in Arendsee"]
[Date "2009.12.27"]
[Round "2.2"]
[White "Hahn, Cedric"]
[Black "Knopf, Felix"]
[Result "1-0"]
[WhiteElo "1387"]
[BlackElo "1645"]
[PlyCount "61"]
[EventDate "2009.??.??"]
[WhiteTeam "SC Eppingen"]
[BlackTeam "SV Merseburg"]

1. e4 {[%emt 0:00:00]} c5 2. Nf3 d6 3. d4 cxd4 4. Nxd4 Nf6 5. Nc3 a6 6. Be3 e6
7. Be2 Nbd7 8. O-O b5 9. a3 Bb7 10. f3 Be7 11. Qd2 O-O 12. Qe1 Rc8 13. Rc1 Qc7
14. Nb3 Ne5 15. f4 Ned7 16. Bf3 Qb8 17. f5 e5 18. Nd2 Qa8 19. Qg3 Rfd8 20. Rfe1
Bf8 21. h4 Nc5 22. Bg5 Qa7 23. Kh1 Ncd7 24. Qh3 Qa8 25. g4 Rxc3 26. bxc3 d5 27.
Qg2 Bxa3 28. Rb1 dxe4 29. Nxe4 Be7 30. Nxf6+ gxf6 31. Bxb7 1-0

[Event "SC Eppingen-SV Merseburg"]
[Site "DVM U14 in Arendsee"]
[Date "2009.12.27"]
[Round "2.3"]
[White "Feuerherdt, Martin"]
[Black "Essig, Philipp"]
[Result "1-0"]
[WhiteElo "1382"]
[BlackElo "1049"]
[PlyCount "71"]
[EventDate "2009.??.??"]
[WhiteTeam "SV Merseburg"]
[BlackTeam "SC Eppingen"]

1. e4 {[%emt 0:00:00]} e6 2. d4 d5 3. exd5 exd5 4. Bd3 Nc6 5. c3 Nf6 6. Nf3 Bd6
7. Bg5 O-O 8. O-O Bg4 9. Nbd2 h6 10. Bh4 Bf4 11. Qc2 Re8 12. Rfe1 Qd6 13. b3
Bxf3 14. Nxf3 Ng4 15. Bg3 Bxg3 16. fxg3 Nf6 17. Qd2 Ng4 18. Re2 Re7 19. Nh4
Rxe2 20. Qxe2 Nf6 21. Re1 Kf8 22. Qf2 Re8 23. Rxe8+ Kxe8 24. Nf5 Qf8 25. Nxh6
Qh8 26. Nf5 Kd7 27. Qf4 Ne4 28. Bxe4 dxe4 29. Qxe4 g6 30. d5 Nd8 31. Qe7+ Kc8
32. d6 cxd6 33. Nxd6+ Kb8 34. Nb5 a6 35. Qc7+ Ka8 36. Qc8# 1-0

[Event "SC Eppingen-SV Merseburg"]
[Site "DVM U14 in Arendsee"]
[Date "2009.12.27"]
[Round "2.4"]
[White "Weißert, Oliver"]
[Black "Jacob, Hannes"]
[Result "0-1"]
[WhiteElo "922"]
[BlackElo "1377"]
[PlyCount "118"]
[EventDate "2009.??.??"]
[WhiteTeam "SC Eppingen"]
[BlackTeam "SV Merseburg"]

1. e4 {[%emt 0:00:00]} e5 2. Nf3 Nc6 3. Bc4 Bc5 4. O-O Nf6 5. Nc3 d6 6. h3 O-O
7. d3 h6 8. Qe1 Be6 9. Bd5 Bb4 10. Bxe6 fxe6 11. a3 Ba5 12. Bd2 a6 13. Na2 Bb6
14. Be3 d5 15. Bxb6 cxb6 16. Qe3 d4 17. Qd2 Rc8 18. c3 dxc3 19. Qxc3 Nd4 20.
Qe1 Nc2 21. Qb1 Nxa1 22. Qxa1 Qxd3 23. Nc3 Qd6 24. Rd1 Qc7 25. Qa2 Rfe8 26. Re1
Rcd8 27. Qb1 b5 28. Qc2 Qc5 29. b4 Qc7 30. Qb2 Rc8 31. Rc1 Nxe4 32. Kh2 Nxc3
33. g3 Rf8 34. Ne1 Qb6 35. Rc2 Ne4 36. Rxc8 Rxc8 37. Qe2 Qxf2+ 38. Qxf2 Nxf2
39. Kg2 Ne4 40. Kf3 Nf6 41. Ke3 Rc3+ 42. Kf2 Rxa3 43. h4 Rb3 44. Nf3 Rxb4 45.
Nxe5 Rb2+ 46. Ke3 a5 47. Ng6 a4 48. Ne7+ Kf7 49. Nc8 a3 50. Nb6 Nd5+ 51. Nxd5
exd5 52. Kd4 a2 53. Kxd5 a1=Q 54. Kc5 Qc1+ 55. Kb6 Qc6+ 56. Ka7 Qc5+ 57. Ka8
Qc8+ 58. Ka7 Ra2+ 59. Kb6 Qc6# 0-1

[Event "SV Empor Erfurt-SG Grün-Weiß Dresden"]
[Site "DVM U14 in Arendsee"]
[Date "2009.12.27"]
[Round "2.1"]
[White "Schnoor, Friedrich"]
[Black "Urban, Lars"]
[Result "0-1"]
[WhiteElo "1598"]
[BlackElo "1808"]
[PlyCount "38"]
[EventDate "2009.??.??"]
[WhiteTeam "SG Grün-Weiß Dresden"]
[BlackTeam "SV Empor Erfurt"]

1. e4 {[%emt 0:00:00]} e6 2. d4 d5 3. Nc3 Nf6 4. e5 Nfd7 5. f4 c5 6. Nf3 Nc6 7.
Be3 a6 8. Qd2 b5 9. O-O-O b4 10. Ne2 c4 11. g4 c3 12. Qd3 b3 13. bxc3 bxa2 14.
Kd2 Rb8 15. Bg2 Nb6 16. Ng3 Nc4+ 17. Ke2 Nb2 18. Qd2 Nxd1 19. Rxd1 Rb1 0-1

[Event "SV Empor Erfurt-SG Grün-Weiß Dresden"]
[Site "DVM U14 in Arendsee"]
[Date "2009.12.27"]
[Round "2.2"]
[White "Lorenz, Erik"]
[Black "Schrell, Konrad"]
[Result "1/2-1/2"]
[WhiteElo "1576"]
[BlackElo "1539"]
[PlyCount "61"]
[EventDate "2009.??.??"]
[WhiteTeam "SV Empor Erfurt"]
[BlackTeam "SG Grün-Weiß Dresden"]

1. e4 {[%emt 0:00:00]} c5 2. Nf3 e6 3. c4 Qc7 4. Nc3 a6 5. Bd3 Nc6 6. O-O Nf6
7. Re1 d6 8. Bc2 Be7 9. d4 cxd4 10. Nxd4 O-O 11. b3 b6 12. Kh1 Bb7 13. f4 Rac8
14. f5 e5 15. Nxc6 Bxc6 16. Bd3 Qb7 17. a4 Nd7 18. Nd5 Bxd5 19. exd5 a5 20. Qg4
Bf6 21. h4 Nc5 22. Bc2 Qe7 23. h5 Kh8 24. Re2 h6 25. Bd2 Rg8 26. Rae1 Na6 27.
Be3 Nc5 28. Bd2 Bg5 29. Bc3 f6 30. g3 Na6 31. Kg2 1/2-1/2

[Event "SV Empor Erfurt-SG Grün-Weiß Dresden"]
[Site "DVM U14 in Arendsee"]
[Date "2009.12.27"]
[Round "2.3"]
[White "Lang, Sebastian"]
[Black "Schneider, Jan"]
[Result "1/2-1/2"]
[WhiteElo "1182"]
[BlackElo "1524"]
[PlyCount "74"]
[EventDate "2009.??.??"]
[WhiteTeam "SG Grün-Weiß Dresden"]
[BlackTeam "SV Empor Erfurt"]

1. e4 {[%emt 0:00:00]} e5 2. Nf3 Nc6 3. Bb5 a6 4. Bxc6 dxc6 5. O-O Bd6 6. d4 f6
7. dxe5 fxe5 8. Nxe5 Ne7 9. Nc4 O-O 10. Nxd6 cxd6 11. c4 Ng6 12. Nc3 Ne5 13. b3
Qe7 14. Ba3 Rd8 15. f3 Be6 16. Qe2 Qc7 17. Bb2 b5 18. cxb5 axb5 19. Rfc1 Qb6+
20. Kh1 Ng6 21. Qd2 Rac8 22. Ne2 d5 23. Qd4 Qxd4 24. Nxd4 Bd7 25. exd5 c5 26.
Ne6 Bxe6 27. dxe6 Re8 28. Re1 Nf4 29. Rad1 Rxe6 30. Rxe6 Nxe6 31. Kg1 Rd8 32.
Rxd8+ Nxd8 33. Kf2 Kf7 34. h4 g6 35. Ke3 Ke6 36. g4 Nc6 37. Kd3 Nb4+ 1/2-1/2

[Event "SV Empor Erfurt-SG Grün-Weiß Dresden"]
[Site "DVM U14 in Arendsee"]
[Date "2009.12.27"]
[Round "2.4"]
[White "Scheuch, Benjamin"]
[Black "Lorenz, Wenzel"]
[Result "1-0"]
[WhiteElo "1376"]
[BlackElo "1128"]
[PlyCount "85"]
[EventDate "2009.??.??"]
[WhiteTeam "SV Empor Erfurt"]
[BlackTeam "SG Grün-Weiß Dresden"]

1. e4 {[%emt 0:00:00]} e6 2. d4 d5 3. exd5 exd5 4. Nf3 Nf6 5. Nc3 Bb4 6. a3 Ba5
7. b4 Bb6 8. g3 O-O 9. Bg2 Bg4 10. O-O Nc6 11. Be3 Ne4 12. Qd3 Bxf3 13. Bxf3
Nxc3 14. Qxc3 Qf6 15. Bxd5 Bxd4 16. Bxd4 Qxd4 17. Qxd4 Nxd4 18. Bxb7 Nxc2 19.
Bxa8 Nxa1 20. Rxa1 Rxa8 21. Rc1 Rc8 22. Kf1 Kf8 23. Ke2 Ke7 24. Ke3 f5 25. Kf4
g6 26. Ke5 Kf7 27. Rc2 Ke7 28. h3 h6 29. a4 c6 30. h4 h5 31. b5 c5 32. f3 a6
33. b6 Rb8 34. a5 Rc8 35. Rc3 c4 36. Kd5 Kd7 37. Rxc4 Rxc4 38. Kxc4 Kc6 39. Kd4
Kb5 40. Ke5 Kc6 41. Kf6 f4 42. gxf4 g5 43. fxg5 1-0

[Event "SV Welper 1922-SV Balingen"]
[Site "DVM U14 in Arendsee"]
[Date "2009.12.27"]
[Round "2.1"]
[White "Geiger, Markus"]
[Black "Schaller, Fabian"]
[Result "0-1"]
[WhiteElo "1504"]
[BlackElo "1515"]
[PlyCount "130"]
[EventDate "2009.??.??"]
[WhiteTeam "SV Balingen"]
[BlackTeam "SV Welper 1922"]

1. e4 e6 2. d4 d5 3. exd5 exd5 4. c4 Bb4+ 5. Nc3 Qe7+ 6. Be3 Nf6 7. Be2 Be6 8.
Nf3 Nc6 9. O-O dxc4 10. Qc2 O-O 11. Bg5 Rad8 12. Rad1 Bxc3 13. bxc3 h6 14. Bh4
Bd5 15. Rfe1 Qd6 16. Ne5 b5 17. Bg3 Qe6 18. Bf3 Bxf3 19. Nxf3 Qc8 20. a4 a6 21.
Ne5 Nxe5 22. Rxe5 c6 23. Bh4 Nd7 24. Ree1 g5 25. Bg3 Rfe8 26. f4 Kg7 27. Rf1 f6
28. fxg5 hxg5 29. Qf5 Rh8 30. Be5 Rh6 31. Bg3 Nb6 32. Qc5 Qb7 33. a5 Nd5 34.
Rde1 Qd7 35. Rf3 Rhh8 36. Ref1 Rhf8 37. Qa3 Qe7 38. Qc1 Rde8 39. Re1 Qd8 40.
Ref1 Re6 41. Qa3 Qe7 42. Qb2 Re2 43. Qa1 Ne3 44. R1f2 Nc2 45. Rxe2 Qxe2 46. Qf1
Qxf1+ 47. Rxf1 Re8 48. Rc1 Ne3 49. Bd6 Nd5 50. Bg3 Re3 51. Be1 Kg6 52. Kf2 f5
53. Bd2 Rd3 54. Be1 f4 55. g3 Kf5 56. Rc2 Nf6 57. gxf4 gxf4 58. h4 Ng4+ 59. Kg1
f3 60. Bd2 Ke4 61. h5 Nf6 62. h6 Kf5 63. Kf2 Kg4 64. Be3 Rd1 65. Rc1 Ne4# 0-1

[Event "SV Welper 1922-SV Balingen"]
[Site "DVM U14 in Arendsee"]
[Date "2009.12.27"]
[Round "2.2"]
[White "Marx, Patrick"]
[Black "Gomer, Dieter"]
[Result "1-0"]
[WhiteElo "1374"]
[BlackElo "1249"]
[PlyCount "95"]
[EventDate "2009.??.??"]
[WhiteTeam "SV Welper 1922"]
[BlackTeam "SV Balingen"]

1. d4 {[%emt 0:00:00]} d5 2. Nf3 Nf6 3. Bg5 e6 4. e3 Be7 5. Bd3 c5 6. c3 Nc6 7.
Nbd2 O-O 8. O-O Re8 9. Ne5 Nxe5 10. dxe5 Nd7 11. Bxe7 Qxe7 12. f4 Qd8 13. Rf3
g6 14. Rh3 Nf8 15. Nf3 f6 16. Bc2 Qb6 17. exf6 e5 18. Ng5 Qxf6 19. Qxd5+ Be6
20. Nxe6 Nxe6 21. Qxb7 Qg7 22. Qxg7+ Kxg7 23. fxe5 Ng5 24. Rg3 Rxe5 25. Rd1 a5
26. Rd7+ Kf6 27. h4 Ne4 28. Bxe4 Rxe4 29. Rxh7 Rb8 30. b3 a4 31. bxa4 Ra8 32.
Rh6 Raxa4 33. Rhxg6+ Kf7 34. h5 Rxa2 35. h6 Ra8 36. Rg7+ Kf6 37. Rf3+ Ke6 38.
h7 Rh8 39. Rh3 Rc4 40. Rg8 Rxh7 41. Rxh7 Rxc3 42. Rc7 Kd6 43. Rgc8 Kd5 44.
Rxc5+ Rxc5 45. Rxc5+ Kxc5 46. Kf2 Kd5 47. Kf3 Ke5 48. e4 1-0

[Event "SV Welper 1922-SV Balingen"]
[Site "DVM U14 in Arendsee"]
[Date "2009.12.27"]
[Round "2.3"]
[White "Ilitsch, Marc"]
[Black "Krummsdorf, Sven"]
[Result "0-1"]
[WhiteElo "1171"]
[BlackElo "1538"]
[PlyCount "44"]
[EventDate "2009.??.??"]
[WhiteTeam "SV Balingen"]
[BlackTeam "SV Welper 1922"]

1. e4 {[%emt 0:00:00]} d5 2. exd5 Qxd5 3. Nc3 Qa5 4. Bc4 Nf6 5. Nf3 Bg4 6. O-O
e6 7. Re1 Bd6 8. b3 Nc6 9. Ne4 Nxe4 10. Rxe4 Qf5 11. Re3 Ne5 12. Bd3 Qh5 13.
Be4 f5 14. h3 fxe4 15. hxg4 Qxg4 16. Kf1 O-O 17. Bb2 exf3 18. gxf3 Nxf3 19. Ke2
Bc5 20. d4 Nxd4+ 21. Ke1 Nf3+ 22. Rxf3 Rxf3 0-1